Geoguessr :Connaissez-vous vos métas ? #4 - Statistiques

Statistiques générales
  • Ce quiz a été pris 86 fois
  • Le résultat moyen est 3 sur 12
Statistiques - réponses
Par images Réponse % Correct
Québec
85%
Inde
73%
Grèce
35%
Botswana
23%
Équateur
23%
île Christmas
23%
Ontario
20%
Panama
20%
Perth
10%
Manitoba
5%
Oblast de Sakhaline
5%
Oblast d'Oulianovsk
2%
Aucun quiz correspondant
Distribution des résultats
% des personnes avec chaque résultat
Percentile par nombre de réponses
Votre historique - résultats
Vous n’avez pas pris ce quiz